000 00248nam a2200109Ia 4500
008 190216s9999||||xx |||||||||||||| ||und||
100 _aAsthana B N
245 0 _aElements Of Statitics
260 _bKitab Mahal
650 _aStatistics
942 _cBK
999 _c32788
_d32788